Central Library OPAC University of Rajshahi

এক টুকরো মিছরি / (Record no. 48515)

MARC details
000 -LEADER
fixed length control field 00837nam a2200241 a 4500
001 - CONTROL NUMBER
control field 48515
003 - CONTROL NUMBER IDENTIFIER
rucl marc code BD-RjUL
005 - DATE AND TIME OF LATEST TRANSACTION
control field 20211209054534.0
008 - FIXED-LENGTH DATA ELEMENTS--GENERAL INFORMATION
fixed length control field 160814s1976 bg ||||| |||| 00| f ben d
020 ## - INTERNATIONAL STANDARD BOOK NUMBER
Terms of availability : Tk. 9.00
035 ## - SYSTEM CONTROL NUMBER
System control number (BD-RjUL)48634
040 ## - CATALOGING SOURCE
Original cataloging agency BD-RjUL
Language of cataloging ben
Transcribing agency BD-RjUL
041 ## - LANGUAGE CODE
Language code of text/sound track or separate title ben
082 ## - DEWEY DECIMAL CLASSIFICATION NUMBER
Edition number 23
Classification number 891.4393
Author mark and year EKT 1976
245 00 - TITLE STATEMENT
Title এক টুকরো মিছরি /
Statement of responsibility, etc. অনুবাদ জাফর আলম
260 ## - PUBLICATION, DISTRIBUTION, ETC. (IMPRINT)
Place of publication, distribution, etc. ঢাকা :
Name of publisher, distributor, etc. মুক্তধারা,
Date of publication, distribution, etc. ১৯৭৬
300 ## - PHYSICAL DESCRIPTION
Pagination ১৩৪ পৃ. ;
Size ১৯ সেমি
500 ## - GENERAL NOTE
General note [মান্টোর ছোটগল্প সংকলন]
650 ## - SUBJECT ADDED ENTRY--TOPICAL TERM
Topical term or geographic name as entry element উর্দু উপন্যাস
9 (RLIN) 121925
Topical term or geographic name as entry element Urdu Fiction
9 (RLIN) 121922
700 ## - ADDED ENTRY--PERSONAL NAME
Personal name আলম, জাফ্‌ অনুবাদক
942 ## - ADDED ENTRY ELEMENTS (KOHA)
Source of classification or shelving scheme Dewey Decimal Classification
Koha item type Books
Holdings
Lost status Source of classification or shelving scheme Damaged status Not for loan Collection code Permanent Location Current Location Shelving location Date acquired Source of acquisition Cost, normal purchase price Total Checkouts Full call number Date last seen Copy number Koha item type
  Dewey Decimal Classification     Non-fiction Central Library, University of Rajshahi Central Library, University of Rajshahi   26/04/1977 Eureka book Agency, Rajshahi 9.00   B 891.4393 EKT 1976 14/08/2016 C-2 Books
  Dewey Decimal Classification     Non-fiction Central Library, University of Rajshahi Central Library, University of Rajshahi   26/04/1977 Eureka book Agency, Rajshahi 9.00   B 891.4393 EKT 1976 17/08/2016 C-3 Books